000 00758nam a2200229 a 4500
001 49876
003 BD-RjUL
005 20211209054736.0
008 160823s1958 nyua 001 0 eng d
035 _a(BD-RjUL)49996
040 _aDLC
_cDLC
_dEQO
_dBD-RjUL
_beng
041 _aeng
082 _a371.7322
_223
_bHAP 1958
100 1 _aHalsey, Elizabeth
_9149484
245 1 0 _aPhysical education for children :
_ba developmental program /
_cElizabeth Halsey and Lorena Porter ; With a foreword by Paul J. Misner
260 _aNew York :
_bHolt, Rinehart and Winston,
_c1958.
300 _axiv, 416 p. :
_bill ;
_c25 cm.
500 _aincludes index
650 0 _aPhysical education for children
_9142633
700 1 _aPorter, Lorena
_9149485
942 _2ddc
_cBK
999 _c49876
_d49876